[Event "Hessen-ch Seniors op 08th"]
[Site "Bad Sooden-Allendorf"]
[Date "2012.04.19"]
[Round "6"]
[White "Hoffmann, Erich"]
[Black "Schwertel, Johann"]
[Result "0-1"]
[WhiteElo "1927"]
[BlackElo "1988"]
[PlyCount "48"]
[EventDate "2012.04.14"]
[EventType "swiss"]
[EventRounds "9"]
[EventCountry "GER"]
[SourceTitle "EXT 2019"]
[Source "ChessBase"]
[SourceDate "2018.10.10"]
[SourceVersion "1"]
[SourceVersionDate "2018.10.10"]
[SourceQuality "1"]

1. e4 c6 2. d4 d5 3. e5 e6 4. Bd3 c5 5. c3 Nc6 6. Nf3 Nge7 7. dxc5 Ng6 8. Bxg6 hxg6 9. b4 Be7 10. Nd4 Nxe5 11. Qa4+ Bd7 12. b5 Bxc5 13. Qd1 Nc4 14. a4 0-0 15. Nf3 a6 16. bxa6 Rxa6 17. 0-0 b5 18. Nbd2 Nxd2 19. Qxd2 bxa4 20. Ba3 Bxa3 21. Rxa3 Bb5 22. Rb1 Qd7 23. Rb4 Bc6 24. Qd4 Rfa8 0-1

[Event "Hessen-ch Seniors op 08th"]
[Site "Bad Sooden-Allendorf"]
[Date "2012.04.14"]
[Round "1"]
[White "Gerhardt, Peter Michael"]
[Black "Hoffmann, Erich"]
[Result "1/2-1/2"]
[WhiteElo "2085"]
[BlackElo "1927"]
[PlyCount "74"]
[EventDate "2012.04.14"]
[EventType "swiss"]
[EventRounds "9"]
[EventCountry "GER"]
[SourceTitle "EXT 2019"]
[Source "ChessBase"]
[SourceDate "2018.10.10"]
[SourceVersion "1"]
[SourceVersionDate "2018.10.10"]
[SourceQuality "1"]

1. d4 Nf6 2. c4 e5 3. dxe5 Ne4 4. Nf3 Bb4+ 5. Nbd2 Qe7 6. e3 Nc6 7. Be2 Nxe5 8. 0-0 Nxd2 9. Bxd2 Bxd2 10. Qxd2 d6 11. Nd4 Bd7 12. Rad1 0-0 13. h3 Rad8 14. Nb5 Bxb5 15. cxb5 d5 16. Qd4 c5 17. bxc6 Nxc6 18. Qa4 d4 19. Rd3 dxe3 20. Rxe3 Qc5 21. Bf3 Rd4 22. Qb3 Rb4 23. Qa3 Qb6 24. Bxc6 bxc6 25. b3 h6 26. Rd1 Rd4 27. Rde1 Rfd8 28. Re8+ Rxe8 29. Rxe8+ Kh7 30. Qc1 c5 31. Qc2+ g6 32. Re1 Qd6 33. Qc3 a6 34. g3 Rd3 35. Qc2 Rd2 36. Qc4 Kg7 37. Qc3+ Qd4 1/2-1/2

[Event "Hessen-ch Seniors op 07th"]
[Site "Bad Sooden-Allendorf"]
[Date "2011.05.03"]
[Round "4"]
[White "Duijker, Bert"]
[Black "Hoffmann, Erich"]
[Result "1-0"]
[WhiteElo "1788"]
[BlackElo "1732"]
[PlyCount "81"]
[EventDate "2011.04.30"]
[EventType "swiss"]
[EventRounds "9"]
[EventCountry "GER"]
[SourceTitle "EXT 2012"]
[Source "ChessBase"]
[SourceDate "2011.11.24"]
[SourceVersion "1"]
[SourceVersionDate "2011.11.24"]
[SourceQuality "1"]

1. Nf3 Nf6 2. c4 g6 3. d4 Bg7 4. Nc3 0-0 5. g3 c5 6. Bg2 cxd4 7. Nxd4 Nc6 8. Nxc6 dxc6 9. Qc2 Qd4 10. 0-0 Qxc4 11. e4 Ng4 12. h3 Nh6 13. Be3 f6 14. b3 Qf7 15. Qd2 g5 16. g4 e5 17. Bc5 Re8 18. Rfd1 Be6 19. Qc2 Bf8 20. Na4 Qc7 21. Bxf8 Kxf8 22. Nc5 Bf7 23. Rd7 Qc8 24. Rxb7 Rd8 25. Rd1 Ng8 26. Bf1 Rxd1 27. Qxd1 Qe8 28. Qd6+ Kg7 29. Bc4 Nh6 30. Ne6+ Kg6 31. Nc7 Qd8 32. Qxc6 Qd1+ 33. Bf1 Rd8 34. Nd5 Bxd5 35. exd5 Qxd5 36. Qxd5 Rxd5 37. Rxa7 Nf7 38. Rxf7 Kxf7 39. Bc4 Ke6 40. Bxd5+ Kxd5 41. f3 1-0

[Event "Hessen-ch Seniors op 07th"]
[Site "Bad Sooden-Allendorf"]
[Date "2011.04.30"]
[Round "1"]
[White "Hoffmann, Erich"]
[Black "Zunker, Reinhard"]
[Result "1/2-1/2"]
[WhiteElo "1732"]
[BlackElo "2044"]
[PlyCount "70"]
[EventDate "2011.04.30"]
[EventType "swiss"]
[EventRounds "9"]
[EventCountry "GER"]
[SourceTitle "EXT 2012"]
[Source "ChessBase"]
[SourceDate "2011.11.24"]
[SourceVersion "1"]
[SourceVersionDate "2011.11.24"]
[SourceQuality "1"]

1. e4 d6 2. d4 g6 3. f4 Bg7 4. Nf3 c6 5. Bd3 Bg4 6. c3 Nd7 7. h3 Bxf3 8. Qxf3 e5 9. fxe5 dxe5 10. d5 Nc5 11. 0-0 f5 12. exf5 Nxd3 13. Qxd3 Qxd5 14. Qxd5 cxd5 15. fxg6 hxg6 16. Bg5 Rh5 17. h4 Nh6 18. Na3 Nf7 19. Bf6 Bf8 20. g4 Rh7 21. Kg2 Bxa3 22. bxa3 Kd7 23. Rab1 b6 24. Rb5 Ke6 25. Bg5 Nxg5 26. hxg5 e4 27. Rf6+ Ke5 28. c4 Rd8 29. Rxg6 Rc7 30. Rxd5+ Rxd5 31. cxd5 Rc2+ 32. Kg3 Rxa2 33. Re6+ Kxd5 34. Re8 Rxa3+ 35. Kh4 Rc3 1/2-1/2

[Event "Hessen-ch Seniors op 04th"]
[Site "Bad Sooden-Allendorf"]
[Date "2008.04.30"]
[Round "7"]
[White "Narr, Irmgard"]
[Black "Hoffmann, Erich"]
[Result "1/2-1/2"]
[WhiteElo "1590"]
[BlackElo "1717"]
[PlyCount "49"]
[EventDate "2008.04.24"]
[EventType "swiss"]
[EventRounds "9"]
[EventCountry "GER"]
[SourceTitle "EXT 2022"]
[Source "ChessBase"]
[SourceDate "2021.10.06"]
[SourceVersion "1"]
[SourceVersionDate "2021.10.06"]
[SourceQuality "1"]

1. e4 Nf6 2. Nc3 d5 3. exd5 Nxd5 4. Bc4 Nb6 5. Bb3 Nc6 6. Qf3 e6 7. d3 Nd4 8. Qh5 Nxb3 9. Qb5+ Bd7 10. Qxb3 Bc6 11. Nf3 Bxf3 12. gxf3 Qf6 13. Ne4 Qe5 14. 0-0 Bd6 15. Ng3 h5 16. Qc3 Nd5 17. Qxe5 Bxe5 18. c3 h4 19. Ne4 0-0-0 20. d4 Bf4 21. Re1 Bxc1 22. Raxc1 Rh6 23. Kh1 h3 24. Re2 Nf4 25. Rd2 1/2-1/2

[Event "Hessen-ch Seniors op 04th"]
[Site "Bad Sooden-Allendorf"]
[Date "2008.04.27"]
[Round "4"]
[White "Hoffmann, Erich"]
[Black "Becker, Guenter"]
[Result "1-0"]
[WhiteElo "1717"]
[BlackElo "1591"]
[PlyCount "95"]
[EventDate "2008.04.24"]
[EventType "swiss"]
[EventRounds "9"]
[EventCountry "GER"]
[SourceTitle "EXT 2022"]
[Source "ChessBase"]
[SourceDate "2021.10.06"]
[SourceVersion "1"]
[SourceVersionDate "2021.10.06"]
[SourceQuality "1"]

1. e4 g6 2. f4 Bg7 3. Nf3 c6 4. d4 d5 5. e5 Bg4 6. h3 Bxf3 7. Qxf3 e6 8. Bd3 h5 9. 0-0 Nd7 10. Qg3 Ne7 11. Nd2 Qb6 12. Nf3 0-0-0 13. a4 Rhg8 14. b4 Nf5 15. Qe1 Nxd4 16. Nxd4 Bxe5 17. fxe5 Qxd4+ 18. Be3 Qxe5 19. Bxa7 Qxe1 20. Raxe1 b6 21. a5 Kb7 22. axb6 Rgf8 23. Rf2 e5 24. c3 f5 25. Ra2 e4 26. Ba6+ Ka8 27. Rd2 Ne5 28. Red1 f4 29. c4 Nd3 30. cxd5 Nxb4 31. dxc6 Nxc6 32. Rxd8+ Rxd8 33. Rxd8+ Nxd8 34. Bc4 Kb7 35. Bd5+ Ka6 36. Bxe4 g5 37. Bg6 h4 38. Bf5 Kb7 39. Kf2 Nf7 40. Be4+ Ka6 41. Kf3 Ne5+ 42. Ke2 Nf7 43. Bd5 Ne5 44. Bb8 Nd7 45. Bc7 Nxb6 46. Bxb6 Kxb6 47. Kf3 Kc5 48. Ba8 1-0

[Event "Hessen-ch Seniors op 04th"]
[Site "Bad Sooden-Allendorf"]
[Date "2008.04.26"]
[Round "3"]
[White "Franck, Rudolf"]
[Black "Hoffmann, Erich"]
[Result "1-0"]
[WhiteElo "2024"]
[BlackElo "1717"]
[PlyCount "47"]
[EventDate "2008.04.24"]
[EventType "swiss"]
[EventRounds "9"]
[EventCountry "GER"]
[SourceTitle "EXT 2022"]
[Source "ChessBase"]
[SourceDate "2021.10.06"]
[SourceVersion "1"]
[SourceVersionDate "2021.10.06"]
[SourceQuality "1"]

1. d4 Nf6 2. e3 g6 3. Bd3 d6 4. Nd2 Bg7 5. f4 Nc6 6. Ngf3 Nb4 7. Bb5+ Bd7 8. Bxd7+ Qxd7 9. a3 Nbd5 10. Qe2 0-0-0 11. c4 Nb6 12. 0-0 e6 13. b3 Ne8 14. Bb2 f6 15. a4 e5 16. d5 Na8 17. fxe5 fxe5 18. Ng5 Bf6 19. Nde4 Qe7 20. a5 Bxg5 21. Qg4+ Kb8 22. Nxg5 Rf8 23. Rxf8 Qxf8 24. Rf1 1-0

[Event "Rhein Main op 10th"]
[Site "Bad Homburg"]
[Date "2007.06.07"]
[Round "3"]
[White "Hoffmann, Erich"]
[Black "Larem, Peter"]
[Result "1-0"]
[WhiteElo "1981"]
[BlackElo "1962"]
[PlyCount "67"]
[EventDate "2007.06.06"]
[EventType "swiss"]
[EventRounds "7"]
[EventCountry "GER"]
[SourceTitle "EXT 2008"]
[Source "ChessBase"]
[SourceDate "2007.11.25"]
[SourceVersion "1"]
[SourceVersionDate "2007.11.25"]
[SourceQuality "1"]

1. e4 e5 2. f4 exf4 3. Nc3 Qh4+ 4. Ke2 Nc6 5. d4 d6 6. Nf3 Bg4 7. Bxf4 Bxf3+ 8. Kxf3 0-0-0 9. d5 Ne5+ 10. Bxe5 dxe5 11. g3 Qf6+ 12. Kg2 Bc5 13. Qd2 Nh6 14. Na4 Be7 15. Bd3 Qd6 16. c4 c5 17. Nc3 a6 18. a3 Rhf8 19. Rhf1 Qg6 20. Rf3 Bg5 21. Qe2 Ng4 22. Raf1 Qh6 23. Kh1 Qg6 24. b4 cxb4 25. axb4 h5 26. h4 Bf6 27. c5 Qh6 28. c6 bxc6 29. Bxa6+ Kc7 30. b5 cxd5 31. Nxd5+ Kb8 32. Qc2 Rd7 33. Rc3 Bd8 34. Rc8+ 1-0

[Event "Rhein Main op 10th"]
[Site "Bad Homburg"]
[Date "2007.06.06"]
[Round "1"]
[White "Schreiber, Torsten"]
[Black "Hoffmann, Erich"]
[Result "1-0"]
[WhiteElo "1962"]
[BlackElo "1981"]
[PlyCount "77"]
[EventDate "2007.06.06"]
[EventType "swiss"]
[EventRounds "7"]
[EventCountry "GER"]
[SourceTitle "EXT 2008"]
[Source "ChessBase"]
[SourceDate "2007.11.25"]
[SourceVersion "1"]
[SourceVersionDate "2007.11.25"]
[SourceQuality "1"]

1. d4 Nf6 2. Nf3 g6 3. Bf4 Bg7 4. h3 d6 5. e3 Nh5 6. Bh2 0-0 7. Be2 f5 8. c3 e6 9. Nbd2 b6 10. Qb3 Nc6 11. 0-0 Na5 12. Qc2 Nc6 13. Rac1 Ne7 14. Qb3 d5 15. c4 c6 16. cxd5 cxd5 17. Bb5 Bd7 18. Ba6 Bc8 19. Be2 Nf6 20. Ne5 Bb7 21. a4 Rc8 22. a5 Rxc1 23. Rxc1 Ne4 24. Nxe4 fxe4 25. a6 Ba8 26. Bg4 Nf5 27. Nc6 Bxc6 28. Rxc6 Qf6 29. Be5 Qf7 30. Rc7 Ne7 31. Bg3 h5 32. Be2 g5 33. Bxh5 Qf6 34. Qc2 Nf5 35. Be5 Qh6 36. Bxg7 Nxg7 37. h4 Qf6 38. Rxa7 Nf5 39. Qc7 1-0

[Event "Hessen-ch Seniors op 01st"]
[Site "Bad Sooden-Allendorf"]
[Date "2005.04.30"]
[Round "9"]
[White "Grabitz, Georg"]
[Black "Hoffmann, Erich"]
[Result "1-0"]
[WhiteElo "1914"]
[BlackElo "1768"]
[PlyCount "95"]
[EventDate "2005.04.22"]
[EventType "swiss"]
[EventRounds "9"]
[EventCountry "GER"]
[SourceTitle "EXT 2007"]
[Source "ChessBase"]
[SourceDate "2006.11.23"]
[SourceVersion "1"]
[SourceVersionDate "2006.11.23"]
[SourceQuality "1"]

1. d4 Nf6 2. Nf3 g6 3. Nc3 d6 4. e4 Bg7 5. Be3 0-0 6. Qd2 e5 7. dxe5 dxe5 8. 0-0-0 Qxd2+ 9. Rxd2 c6 10. h3 b5 11. Bd3 Nfd7 12. Kb1 Na6 13. Ne1 Ndc5 14. f3 b4 15. Ne2 Nxd3 16. Nxd3 Be6 17. Nc5 Nxc5 18. Bxc5 Rfb8 19. Nc1 Rb5 20. Be3 a5 21. Rhd1 Rbb8 22. Nd3 Rd8 23. Nc5 Rxd2 24. Rxd2 Bc4 25. b3 Bb5 26. Kb2 h5 27. c4 bxc3+ 28. Kxc3 Bf8 29. a4 Bf1 30. Rf2 Bxc5 31. Bxc5 Ba6 32. Bb6 Bc8 33. Rd2 Be6 34. Rd8+ Rxd8 35. Bxd8 Kg7 36. Bxa5 f5 37. Bc7 Kf6 38. a5 fxe4 39. fxe4 Bc8 40. h4 Ke6 41. g3 Ba6 42. Kb4 c5+ 43. Kxc5 Bb7 44. b4 Bxe4 45. b5 Ba8 46. a6 e4 47. b6 e3 48. b7 1-0

[Event "Hessen-ch Seniors op 01st"]
[Site "Bad Sooden-Allendorf"]
[Date "2005.04.27"]
[Round "6"]
[White "Krause, Christian"]
[Black "Hoffmann, Erich"]
[Result "1-0"]
[WhiteElo "2003"]
[BlackElo "1768"]
[PlyCount "119"]
[EventDate "2005.04.22"]
[EventType "swiss"]
[EventRounds "9"]
[EventCountry "GER"]
[SourceTitle "EXT 2007"]
[Source "ChessBase"]
[SourceDate "2006.11.23"]
[SourceVersion "1"]
[SourceVersionDate "2006.11.23"]
[SourceQuality "1"]

1. c4 Nf6 2. Nc3 g6 3. e4 d6 4. g3 Bg7 5. Bg2 0-0 6. Nge2 Nc6 7. 0-0 Bg4 8. f3 Bd7 9. d3 Qc8 10. Be3 e6 11. d4 e5 12. d5 Nd8 13. b4 Bh3 14. Qd2 Bxg2 15. Kxg2 Nd7 16. g4 Nb6 17. Qd3 a5 18. a3 axb4 19. axb4 Rxa1 20. Rxa1 f5 21. h3 fxg4 22. fxg4 Nd7 23. Ng3 b6 24. Nb5 Nf6 25. Rf1 Ne8 26. Ra1 Qd7 27. Rf1 Rxf1 28. Nxf1 Qc8 29. Nd2 Nf6 30. Nf1 Ne8 31. Qa3 Qb7 32. Qa4 c6 33. Na7 b5 34. dxc6 bxa4 35. cxb7 Nxb7 36. Nb5 Nd8 37. Na3 Bf8 38. Bd2 Kf7 39. Ne3 Ke6 40. Nd5 Nf6 41. Nc3 Nc6 42. b5 Nd4 43. g5 Nd7 44. Nxa4 Nc5 45. Nxc5+ dxc5 46. Nb1 Kd6 47. Kf2 Be7 48. Kg3 Nb3 49. Kg4 Ke6 50. h4 Kf7 51. Bc3 Bd6 52. Nd2 Nxd2 53. Bxd2 Bc7 54. Bc3 Ke6 55. Kf3 Kd7 56. Ke2 Ke6 57. Kd3 Bd8 58. Kc2 h6 59. gxh6 Bxh4 60. b6 1-0

[Event "Hessen-ch Seniors op 01st"]
[Site "Bad Sooden-Allendorf"]
[Date "2005.04.24"]
[Round "3"]
[White "Hoffmann, Erich"]
[Black "Bernhart, Ernst"]
[Result "1/2-1/2"]
[WhiteElo "1768"]
[BlackElo "1648"]
[PlyCount "96"]
[EventDate "2005.04.22"]
[EventType "swiss"]
[EventRounds "9"]
[EventCountry "GER"]
[SourceTitle "EXT 2007"]
[Source "ChessBase"]
[SourceDate "2006.11.23"]
[SourceVersion "1"]
[SourceVersionDate "2006.11.23"]
[SourceQuality "1"]

1. e4 e6 2. d4 d5 3. e5 c5 4. c3 Nc6 5. Nf3 Nge7 6. Bd3 Qb6 7. dxc5 Qc7 8. 0-0 Ng6 9. b4 Ncxe5 10. Nxe5 Nxe5 11. Bf4 Be7 12. Re1 Bf6 13. Bb5+ Ke7 14. Qe2 a6 15. Ba4 a5 16. Bxe5 Bxe5 17. Qxe5 Qxe5 18. Rxe5 axb4 19. Bb3 Kf6 20. f4 bxc3 21. Nxc3 Ra5 22. Rc1 Bd7 23. g4 h6 24. h4 Bc6 25. g5+ hxg5 26. hxg5+ Ke7 27. Bxd5 Bxd5 28. Nxd5+ Kf8 29. Nc3 Rh4 30. Rf1 Rh3 31. c6 Ra7 32. Nb5 Rxa2 33. Rf2 Rg3+ 34. Kf1 Ra1+ 35. Re1 Rxe1+ 36. Kxe1 bxc6 37. Nd4 c5 38. Nf3 Rh3 39. Kd2 f6 40. Kc3 Ke7 41. Kc4 Kd6 42. gxf6 gxf6 43. Nd2 f5 44. Nb3 Rh1 45. Rd2+ Kc6 46. Re2 Kd6 47. Rd2+ Kc6 48. Re2 Kd6 1/2-1/2

[Event "Rhoen/Bad Bocklet Seniors op-B 5th"]
[Site "Bad Bocklet"]
[Date "2004.11.22"]
[Round "5"]
[White "Hoffmann, Erich"]
[Black "Petroschka, Bernd"]
[Result "0-1"]
[WhiteElo "1739"]
[BlackElo "1771"]
[PlyCount "64"]
[EventDate "2004.07.09"]
[EventType "swiss"]
[EventRounds "9"]
[EventCountry "GER"]
[SourceTitle "EXT 2006"]
[Source "ChessBase"]
[SourceDate "2005.11.24"]
[SourceVersion "1"]
[SourceVersionDate "2005.11.24"]
[SourceQuality "1"]

1. e4 c5 2. d4 cxd4 3. c3 d5 4. exd5 Qxd5 5. cxd4 Nc6 6. Nf3 Bg4 7. Nc3 Bxf3 8. Nxd5 Bxd1 9. Nc7+ Kd7 10. Nxa8 Bh5 11. Bb5 e6 12. 0-0 Bd6 13. Be3 Nge7 14. d5 Nxd5 15. Bxa7 Rxa8 16. Bd4 e5 17. Bc3 Nxc3 18. bxc3 Ra3 19. f3 Bc5+ 20. Kh1 Rxc3 21. h4 Kc7 22. Rfc1 Rxc1+ 23. Rxc1 b6 24. g4 Bg6 25. a4 h5 26. Kg2 hxg4 27. fxg4 Be4+ 28. Kh3 Bd5 29. g5 e4 30. Kg4 Nd4 31. Bf1 e3 32. a5 e2 0-1

[Event "Bad Sooden-Allendorf Seniors op 16th"]
[Site "Bad Sooden-Allendorf"]
[Date "2004.04.27"]
[Round "6"]
[White "Hoellger, Herbert"]
[Black "Hoffmann, Erich"]
[Result "1-0"]
[WhiteElo "1982"]
[BlackElo "1706"]
[PlyCount "77"]
[EventDate "2004.04.22"]
[EventType "swiss"]
[EventRounds "9"]
[EventCountry "GER"]
[SourceTitle "EXT 2006"]
[Source "ChessBase"]
[SourceDate "2005.11.24"]
[SourceVersion "1"]
[SourceVersionDate "2005.11.24"]
[SourceQuality "1"]

1. d4 Nf6 2. c4 e5 3. d5 Bc5 4. Nc3 d6 5. Qd3 0-0 6. Be3 Bxe3 7. Qxe3 b6 8. Qd2 Na6 9. e3 Nc5 10. Be2 Nfe4 11. Nxe4 Nxe4 12. Qc2 Nc5 13. Nf3 Re8 14. e4 a5 15. h3 Qf6 16. Nd2 Qg5 17. g4 a4 18. Qc3 Bd7 19. Qf3 Qf4 20. Qxf4 exf4 21. f3 g5 22. Kf2 Kg7 23. b4 axb3 24. axb3 f6 25. b4 Nb7 26. Nb3 Red8 27. Nd4 Re8 28. Kg2 h6 29. Rhc1 Kg6 30. Bd3 Kg7 31. Nb3 Rab8 32. Ra7 h5 33. Nd4 hxg4 34. hxg4 Rh8 35. Nc6 Bxc6 36. dxc6 Rh4 37. Rxb7 Rbh8 38. Rxc7+ Kg6 39. e5+ 1-0

[Event "Bad Sooden-Allendorf Seniors op 16th"]
[Site "Bad Sooden-Allendorf"]
[Date "2004.04.25"]
[Round "4"]
[White "Helm, Irmgard"]
[Black "Hoffmann, Erich"]
[Result "0-1"]
[WhiteElo "1548"]
[BlackElo "1706"]
[PlyCount "84"]
[EventDate "2004.04.22"]
[EventType "swiss"]
[EventRounds "9"]
[EventCountry "GER"]
[SourceTitle "EXT 2006"]
[Source "ChessBase"]
[SourceDate "2005.11.24"]
[SourceVersion "1"]
[SourceVersionDate "2005.11.24"]
[SourceQuality "1"]

1. e4 Nf6 2. e5 Nd5 3. d4 d6 4. c4 Nb6 5. exd6 cxd6 6. Nc3 g6 7. Nf3 Bg7 8. Be2 0-0 9. 0-0 Nc6 10. Be3 Nd7 11. Qd2 a6 12. Bh6 Nf6 13. d5 Na7 14. h3 Bd7 15. Rac1 b5 16. b3 b4 17. Nd1 a5 18. Bxg7 Kxg7 19. Nh2 Qb6 20. Qf4 Rac8 21. Ne3 Rc7 22. Nhg4 Nxg4 23. Nxg4 Bxg4 24. Bxg4 e5 25. dxe6 fxe6 26. Qd2 e5 27. Rcd1 Rf6 28. h4 h6 29. Bf3 Nc8 30. Qd3 Rcf7 31. Rd2 Ne7 32. h5 g5 33. Bd1 Nf5 34. Bc2 Kf8 35. Qd5 Ne3 36. Qa8+ Kg7 37. Qe4 Nxf1 38. Qh7+ Kf8 39. Qh8+ Ke7 40. Bg6 Nxd2 41. Bxf7 Qxf2+ 42. Kh1 Qh4+ 0-1

[Event "Bad Sooden-Allendorf Seniors op 16th"]
[Site "Bad Sooden-Allendorf"]
[Date "2004.04.24"]
[Round "3"]
[White "Hoffmann, Erich"]
[Black "Gudat, Alfons"]
[Result "0-1"]
[WhiteElo "1706"]
[BlackElo "2071"]
[PlyCount "111"]
[EventDate "2004.04.22"]
[EventType "swiss"]
[EventRounds "9"]
[EventCountry "GER"]
[SourceTitle "EXT 2006"]
[Source "ChessBase"]
[SourceDate "2005.11.24"]
[SourceVersion "1"]
[SourceVersionDate "2005.11.24"]
[SourceQuality "1"]

1. e4 c5 2. d4 cxd4 3. c3 Nf6 4. e5 Nd5 5. cxd4 e6 6. Nf3 Be7 7. a3 0-0 8. Bd3 d6 9. 0-0 Nc6 10. Nbd2 Nf4 11. exd6 Bxd6 12. Bc2 Ng6 13. Ne4 Be7 14. Bg5 b6 15. Bxe7 Ngxe7 16. Qd3 f5 17. Nc3 a5 18. Rfd1 Ba6 19. Qe3 Bc4 20. Ne5 Nxe5 21. dxe5 Bd5 22. f4 Qb8 23. Nb5 Rd8 24. Nd6 Ra7 25. Bb3 a4 26. Bxd5 Nxd5 27. Qf3 Ne7 28. g4 g6 29. gxf5 Nxf5 30. Nxf5 gxf5 31. Rxd8+ Qxd8 32. Rd1 Qc8 33. Kh1 Qb7 34. Qxb7 Rxb7 35. Rd6 Kf7 36. Kg2 b5 37. Rd4 Ke7 38. Kf3 Rc7 39. Rb4 Rc5 40. Ke3 Kd7 41. b3 Rc3+ 42. Kd4 Rxb3 43. Rxb3 axb3 44. Kc3 Kc6 45. Kxb3 Kd5 46. Kb4 Ke4 47. Kxb5 Kxf4 48. a4 Kxe5 49. a5 f4 50. a6 f3 51. a7 f2 52. a8Q f1Q+ 53. Kb4 Qf4+ 54. Kb3 Qe3+ 55. Kb2 Qd2+ 56. Kb3 0-1

[Event "Bad Sooden-Allendorf Seniors op 16th"]
[Site "Bad Sooden-Allendorf"]
[Date "2004.04.23"]
[Round "2"]
[White "Hoffmann, Erich"]
[Black "Ahlberg, Guenter"]
[Result "1/2-1/2"]
[WhiteElo "1706"]
[BlackElo "2149"]
[PlyCount "86"]
[EventDate "2004.04.22"]
[EventType "swiss"]
[EventRounds "9"]
[EventCountry "GER"]
[SourceTitle "EXT 2006"]
[Source "ChessBase"]
[SourceDate "2005.11.24"]
[SourceVersion "1"]
[SourceVersionDate "2005.11.24"]
[SourceQuality "1"]

1. e4 c6 2. d4 d5 3. e5 Bf5 4. Bd3 Bxd3 5. Qxd3 e6 6. Nf3 Qa5+ 7. Bd2 Qa6 8. Qxa6 Nxa6 9. c3 c5 10. a3 Ne7 11. b4 cxd4 12. Nxd4 Nc6 13. f4 Nc7 14. a4 Be7 15. 0-0 f6 16. Nxc6 bxc6 17. Be3 0-0 18. Nd2 a6 19. Nf3 Rfb8 20. Nd4 Bf8 21. Nxc6 Rc8 22. exf6 gxf6 23. Bd4 Kf7 24. Na5 Rab8 25. Rf3 Ne8 26. Rh3 h6 27. g4 Nd6 28. Ba7 Ra8 29. Bc5 Ne4 30. Bxf8 Kxf8 31. Rc1 Rab8 32. Nb3 Kg7 33. Re3 Rc4 34. Na5 Rc7 35. Nb3 Rbc8 36. Nc5 Nxc5 37. bxc5 Rxc5 38. Rxe6 Rxc3 39. Rxc3 Rxc3 40. Rxa6 Rc4 41. Kg2 Rxf4 42. Kg3 Rb4 43. Rd6 Rxa4 1/2-1/2